000 00670nam a22002537a 4500
001 BR7401257
003 BR-BrBNA
005 20230928084555.0
007 ta
008 230509b bl.||||| |||| 00| 0 por d
040 _aBR-BrBNA
_bpor
_cBiblioteca Nacional de Agricultura
041 _a(Por)
072 _aB50
_b0180
_b/G514
090 _ 0180 BR7401257
100 1 _aSeta, F.D. de
245 1 _aO trigo no municipio do Rio Grande [historia, Brasil]
_bPalestra
260 3 _aRio Grande, RS (Brasil):
_c1930.
300 _a23 p.
650 _aTRIGO
650 _aHISTORIA
650 _aRIO GRANDE DO SUL
909 _a202309
_bLucia
_c55
_dLucia Elande
942 _cBK
999 _c19840
_d19840